No somos etcétera (Registro nro. 57000)

Detalles MARC
000 -CABECERA
Longitud fija campo de control 01278nam a2200325 i 4500
003 - • IDENTIFICADOR DELl NÚMERO DE CONTROL
Identificador del número de control CO-BoRNBP
005 - • FECHA Y HORA DE LA ÚLTIMA TRANSACCIÓN
Fecha y hora de la última transacción 20250228101033.0
007 - • CAMPO FIJO DE DESCRIPCIÓN FÍSICA
Campo fijo de descripción física ta
008 - • CÓDIGOS DE INFORMACIÓN DE LONGITUD FIJA
Códigos de información de longitud fija 231211s2023 ck a|||a 000 | spa||
020 ## - • NÚMERO INTERNACIONAL NORMALIZADO PARA LIBROS
Número Internacional Normalizado para Libros (ISBN) 9786287634305
040 ## - FUENTE DE LA CATALOGACIÓN
Centro catalogador de origen CO-BoRNBP
Lengua de catalogación spa
Normas de descripción rda
Centro transcriptor CO-BoRNBP
041 0# - • CÓDIGO DE LENGUA
Código de lengua del texto/banda sonora o título independiente spa
082 ## - • NÚMERO DE LA CLASIFICACIÓN DECIMAL DEWEY
Número de clasificación (R) 306.76
Número del ítem C17n
100 1# - • PUNTO DE ACCESO PRINCIPAL-NOMBRE DE PERSONA
Nombre de persona Castillo Vargas, Elizabeth
Fechas asociadas al nombre 1970-
Término indicativo de función autora
245 10 - • TITULO PROPIAMENTE DICHO
Título No somos etcétera
Resto del título veinte años de historia del movimiento LGBT en Colombia
Mención de responsabilidad, etc. Elizabeth Castillo Vargas ; prólogo de Brigitte Baptiste
250 ## - • MENCIÓN DE EDICIÓN
Mención de edición Edición especial
264 #1 - PRODUCCIÓN, PUBLICACIÓN , DISTRIBUCIÓN, FABRICACIÓN Y COPYRIGHT
Lugar de producción, publicación, distribución, fabricación Bogotá, Colombia
Nombre del productor, editor, distribuidor, fabricante Ediciones B
Fecha de de producción, publicación, distribución, fabricación o copyright 2023
300 ## - • DESCRIPCIÓN FÍSICA
Extensión 225 página
Otras características físicas fotografías, cuadros en blanco y negro
Dimensiones 24 cm
336 ## - TIPO DE CONTENIDO
Término de tipo de contenido texto
Código de tipo de contenido txt
Fuente rdacontent
337 ## - TIPO DE MEDIO
Nombre del tipo de medio sin mediación
Código del tipo de medio n
Fuente rdamedia
338 ## - TIPO DE SOPORTE
Nombre del tipo de soporte volumen
Código del tipo de soporte nc
Fuente rdacarrier
490 ## - • MENCIÓN DE SERIE
Mención de serie Plan Nacional de Lectura, Escritura y Oralidad / Ministerio de Cultura
521 ## - • NOTA DE PÚBLICO DESTINATARIO
Nota público destinatario (R ) Recomendado para público adulto
650 17 - • PUNTO DE ACCESO ADICIONAL DE MATERIA - TÉRMINO DE MATERIA
Término de materia o nombre geográfico como elemento inicial Orientación sexual
Subdivisión de materia general Aspectos sociales
Fuente del encabezamiento o término ARMARC
650 17 - • PUNTO DE ACCESO ADICIONAL DE MATERIA - TÉRMINO DE MATERIA
Término de materia o nombre geográfico como elemento inicial Movimiento de liberación LGBT
Subdivisión de materia general Historia
Subdivisión geográfica Colombia
Fuente del encabezamiento o término ARMARC
650 17 - • PUNTO DE ACCESO ADICIONAL DE MATERIA - TÉRMINO DE MATERIA
Término de materia o nombre geográfico como elemento inicial Homofobia
Fuente del encabezamiento o término ARMARC
650 17 - • PUNTO DE ACCESO ADICIONAL DE MATERIA - TÉRMINO DE MATERIA
Término de materia o nombre geográfico como elemento inicial Derechos de los homosexuales
Fuente del encabezamiento o término ARMARC
700 1# - • PUNTO DE ACCESO ADICIONAL - NOMBRE DE PERSONA
Nombre de persona Baptiste, Brigitt
Término indicativo de función prologuista
942 ## - ENTRADA DE ELEMENTOS AGREGADOS (KOHA)
Fuente de clasificaión o esquema Dewey Decimal Classification
Koha [por defecto] tipo de item LIbro
Existencias
Perdido Fuente de clasificación o esquema Estado Físico No para préstamo Forma de adquisición Localización permanente Localización actual Localización en estanterías Fecha adquisición Préstamos totales Signatura completa Código de barras Fecha última consulta Número de copia Fecha del precio de reemplazo Tipo de item de Koha Número de registro
  Dewey Decimal Classification     Colección General Biblioteca Pública José Eustasio Rivera - San Martin Biblioteca Pública José Eustasio Rivera - San Martin General 10/03/2025   306.76 C17n SM04278 10/03/2025 Ej.1 10/03/2025 LIbro  
  Dewey Decimal Classification     Colección General Biblioteca Pública Puerto Lleras Biblioteca Pública Puerto Lleras General 08/15/2025   306.76 C17n PLL00533 08/15/2025 Ej.1 08/15/2025 LIbro  
  Dewey Decimal Classification     Colección General Biblioteca Pública San Carlos de Guaroa - Eduardo Carranza Biblioteca Pública San Carlos de Guaroa - Eduardo Carranza General 08/20/2025   306.76 C17n SG04098 08/20/2025 Ej.1 08/20/2025 LIbro  
  Dewey Decimal Classification     Colección General Biblioteca Pública El Castillo - Alfonso Meneses Biblioteca Pública El Castillo - Alfonso Meneses General 10/07/2025   306.76 C17n EC03038 10/07/2025 Ej.1 10/07/2025 LIbro  
  Dewey Decimal Classification     Colección General Biblioteca Pública Cabuyaro Biblioteca Pública Cabuyaro General 09/24/2025   306.76 C17n CAB001239 09/24/2025 Ej.1 09/24/2025 LIbro  
  Dewey Decimal Classification     Colección General Biblioteca Pública Guamal Biblioteca Pública Guamal General 02/04/2025   306.76 C17n GUA004846 02/28/2025 Ej.1 02/28/2025 LIbro  
  Dewey Decimal Classification     Colección General Biblioteca Pública Mapiripan Biblioteca Pública Mapiripan General 08/22/2025   306.76 C17n MAP00004455 08/22/2025 Ej.1 08/22/2025 LIbro  
  Clasificación Local Facetada     Colección General Biblioteca Pública Puerto Concordia Biblioteca Pública Puerto Concordia General 02/03/2026   306.76 C17n PCON00573 02/03/2026 Ej.1 02/03/2026 LIbro  
  Dewey Decimal Classification     Colección General Biblioteca Pública Uribe - Reinerio Arenas Biblioteca Pública Uribe - Reinerio Arenas General 10/09/2025   306.76 C17n URI03202 10/09/2025 Ej.1 10/09/2025 LIbro  
  Dewey Decimal Classification       Biblioteca Pública Vistahermosa Biblioteca Pública Vistahermosa   09/22/2025   306.76 C17n VIST 0002710 09/22/2025 Ej.1 09/22/2025 LIbro 306.76









Instituto Departamental de Cultura del Meta - Red Departamental de Bibliotecas Públicas del Meta.